000 00466nam a2200169Ia 4500
003 GCL
008 140319s9999 xx 000 0 ara d
040 _aGCL /
_cGCL
082 0 4 _a336.22
_bح د
100 1 _aحامد الشريف
245 1 0 _aدليل الاستثمار العقارى /
_cحامد الشريف
300 _a95 ص
490 _aكتاب الاقتصادى
_v0
650 0 4 _aالاستثمار
650 0 4 _aالعقارات
942 _2ddc
_cBK
999 _c50672
_d50672